| 000 | 00553nam a22001697a 4500 | ||
|---|---|---|---|
| 999 |
_c16784 _d16784 |
||
| 003 | OSt | ||
| 005 | 20200404125740.0 | ||
| 008 | 200404b mp ||||| |||| 00| 0 mon d | ||
| 020 | _a9788007180551 | ||
| 040 | _aАнагаах ухааны төв номын сан | ||
| 082 | _a616,0 | ||
| 245 |
_aLaboratory Medicine _bThe Diagnosis of Disease in Clinical Laboratory |
||
| 546 | _aEnglish | ||
| 650 | _2Diagnosis of diseases, Clinical laboratory | ||
| 856 |
_uhttps://online.fliphtml5.com/lluzx/mjvn/ _zЦахимаар унших |
||
| 942 |
_2ddc _cEB |
||